• 首页
  • 本馆介绍
  • 公告通知
  • 最新文献
  • 馆藏检索
  • 电子资源
  • 读者导购
  • 参考咨询
  • 我的图书馆
  • 登录
  • 详细信息显示
  • 放入我的书架
  • 预约/预借图书
  • 作者相关作品
  • 分类相关作品
  • 丛书相关作品
  • 出版社相关作品

书目信息

  • 表格格式
  • 工作单格式
  • 卡片格式
题名:
儒学引论
    
 
作者: 崔大华 著
分册:  
出版信息: 北京   人民出版社  2001.09
页数: 872页
开本: 21cm
丛书名: 哲学史家文库
单 册:
中图分类: B222.05
科图分类:
主题词: 儒家--哲学理论
电子资源:
ISBN: 7-01-003172-X
000 00587nam2 2200217 45
001 0110141694
005 20041105084917.2
010    @a7-01-003172-X@dCNY46.00
100    @a20011014d2001 km y0chiy0120 ea
101 0  @achi
105    @a z 000yy
200 1  @a儒学引论@ARu Xue Yin Lun@f崔大华著@FCui Da Hua Zhu
210    @a北京@c人民出版社@d2001.09
215    @a872页@d21cm
225    @a哲学史家文库
410    @12001 @a哲学史家文库
606 0  @a儒家@x哲学理论
690    @aB222.05@v3
701    @a崔大华@4著
801    @aCN@bTSTC@c20021017
905    @b315653-657@dB222.05@e184@f5
    
    儒学引论/崔大华著.-北京:人民出版社,2001.09
    872页;21cm.-(哲学史家文库)
    
    
    ISBN 7-01-003172-X:CNY46.00
    
●
相关链接 在E读中查询图书 在五车中查询图书 在当当中查询图书 在豆瓣中查询图书


正题名:儒学引论     索取号:B222.05/184         预约/预借

序号 登录号 条形码 馆藏地/架位号 状态 备注
1 0315653   203156538   第一借阅区/ [索取号:B222.05/184] 在馆    
2 0315654   203156547   教育系资料室/ [索取号:B222.05/184] 在馆    
3 0315655   203156556   第一借阅区/ [索取号:B222.05/184] 在馆    
4 0315656   203156565   教育系资料室/ [索取号:B222.05/184] 在馆    
5 0315657   203156574   第一样本阅览室/ [索取号:B222.05/184] 在馆    
唐山师范学院图书馆 欢迎您!
大连网信软件有限公司© 版权所有